| Tag |
First Indicator |
Second Indicator |
Subfields |
| LEADER |
00000cam a2200000 i 4500 |
| 001 |
in00000095705 |
| 005 |
20150925085544.0 |
| 008 |
730515r19721970oru bb 00010 eng d |
| 035 |
|
|
|a (OCoLC)00621799
|
| 035 |
|
|
|9 AAL1922AM
|
| 040 |
|
|
|c MIA
|d TXA
|d UtOrBLW
|
| 049 |
|
|
|a TXAI
|
| 099 |
|
|
|a fiche
|a C
|a 1108
|
| 100 |
1 |
|
|a Hartung, George Harley,
|d 1933-
|
| 245 |
1 |
0 |
|a Cardiac electrical activity during exercise and recovery in trained and nontrained subjects /
|c by George Harley Hartung.
|
| 264 |
|
1 |
|a Austin, Tex. :
|b Hartung,
|c 1970.
|
| 300 |
|
|
|a 162 leaves ;
|c 29 cm.
|
| 336 |
|
|
|a text
|b txt
|2 rdacontent
|
| 337 |
|
|
|a microform
|b h
|2 rdamedia
|
| 338 |
|
|
|a microfiche
|b he
|2 rdacarrier
|
| 500 |
|
|
|a Vita.
|
| 500 |
|
|
|a Microfiche (negative) of typescript. Eugene : Microform Publications, College of Health, Physical Education and Recreation, University of Oregon, 1972. -- 2 sheets ; 10.5 x 14.8 cm.
|
| 502 |
|
|
|c University of Texas at Austin.
|
| 504 |
|
|
|a Bibliography: leaves 144-162.
|
| 500 |
|
|
|a Microform.
|
| 650 |
|
0 |
|a Heart.
|
| 650 |
|
0 |
|a Exercise
|x Physiological aspects.
|
| 999 |
|
|
|a MARS
|
| 999 |
f |
f |
|s a291e702-d5ef-37db-ad53-455e1f56100b
|i 6ba510c0-c65c-353b-a733-67fb838264a2
|t 0
|
| 952 |
f |
f |
|p normal
|a Texas A&M University
|b College Station
|c Sterling C. Evans Library
|d Evans: Microforms (3rd floor)
|t 0
|e fiche C 1108
|h Other scheme
|i microform -- microfiche
|m A14820704639
|
| 998 |
f |
f |
|a fiche C 1108
|t 0
|l Evans: Microforms (3rd floor)
|